000 00469nam a22001937a 4500
003 MPLRDC
005 20220104144500.0
008 210129b ||||| |||| 00| 0 eng d
020 _a7-5065-3963-2
082 _a848.4 ZKK
100 _a张抗抗著
245 _a张抗抗散文
_c
250 _a一版一刷
260 _a
_b解放军出版社
_c2001
300 _b
490 _a中国当代名家文库
650 _a现代别集
942 _cBK
_o848.4 ZKK
999 _c50050
_d50040